zpět

Detail výsledku týmu

Bartolomějka, Kolín

Datum a čas kvízu

23 Celkem bodů Celkový počet nahraných bodů na tomto kvízu bez doplňovacích otázek.
14. Pořadí na kvízu Konečné umístění týmu na tomto kvízu.

Zaznamenané odpovědi

# Otázka Odpověď Body Výsledky
1. Minulý týden projednával Městs... krabice od banánů, Lidl 0.5
2. Slovenská vláda schválila plán... medvěd 1
3. Minulý týden jsme se definitiv... Votvírák 1
4. Jak se jmenuje horská chata le... Luční bouda 1
5. Napište jméno muže, který byl... David Trunda 0
6. Milovníci komiksů se každoročn... Comic-Con 1
7. Jak se jmenuje zvíře, které je... Garfield 0
8. Jedním z nejoblíbenějších komi... 1D 2A 3C 4B 1
9. Jak se jmenuje muž, který nakr... Kája (Karel) Saudek 0
10. V současné době vychází v komi... Karel Jaromír Erben, Kytice 1